[Event "World op 31st"]
[White "Delaune, Richard K"]
[Black "Donaldson, John W"]
[Site "Philadelphia"]
[Round "9"]
[Result "1/2-1/2"]
[Date "2003.07.06"]
[WhiteElo "2351"]
[BlackElo "2428"]
[PlyCount "81"]
[EventDate "2003.06.30"]
[EventType "swiss"]
[EventRounds "9"]
[EventCountry "USA"]
[SourceTitle "EXT 2004"]
[Source "ChessBase"]
[SourceDate "2003.11.25"]
[SourceVersion "1"]
[SourceVersionDate "2003.11.25"]
[SourceQuality "1"]

1. e4 c5 2. Nf3 e6 3. d4 cxd4 4. Nxd4 a6 5. Bd3 Bc5 6. Nb3 Be7 7. Qg4 g6 8. Qe2 d6 9. Nc3 Qc7 10. h4 Nf6 11. Bh6 Nc6 12. 0-0-0 Bd7 13. f4 0-0-0 14. g4 Nb4 15. Kb1 Rhe8 16. Rhf1 e5 17. f5 gxf5 18. g5 Ng4 19. a3 Nxd3 20. Nd5 Nf4 21. Rxf4 Qc6 22. Rf3 Kb8 23. Qd2 fxe4 24. Rc3 e3 25. Nxe3 Qe4 26. Nd5 Bc6 27. Rxc6 bxc6 28. Qa5 Rd7 29. Nxe7 Rdxe7 30. Rxd6 Ne3 31. Qb6+ Rb7 32. Qxb7+ Kxb7 33. Nc5+ Kc7 34. Nxe4 Ng4 35. Rd1 Nxh6 36. gxh6 Re6 37. Rf1 Rxh6 38. Rxf7+ Kb6 39. c4 Rxh4 40. c5+ Ka5 41. Nc3 1/2-1/2

[Event "World op 31st"]
[White "Paschall, William M"]
[Black "Delaune, Richard K"]
[Site "Philadelphia"]
[Round "4"]
[Result "1-0"]
[Date "2003.07.03"]
[WhiteElo "2429"]
[BlackElo "2351"]
[PlyCount "97"]
[EventDate "2003.06.30"]
[EventType "swiss"]
[EventRounds "9"]
[EventCountry "USA"]
[SourceTitle "EXT 2004"]
[Source "ChessBase"]
[SourceDate "2003.11.25"]
[SourceVersion "1"]
[SourceVersionDate "2003.11.25"]
[SourceQuality "1"]

1. Nf3 Nf6 2. d4 d5 3. c4 c6 4. Nc3 dxc4 5. a4 Bf5 6. e3 e6 7. Bxc4 Bb4 8. 0-0 0-0 9. Qe2 Bg6 10. Ne5 Nbd7 11. Nxg6 hxg6 12. Rd1 Qa5 13. Bd2 Rad8 14. Be1 Nb6 15. Bb3 Nbd5 16. Rac1 Qb6 17. Ba2 Rfe8 18. e4 Ne7 19. Qc4 Bxc3 20. bxc3 Nxe4 21. Rb1 Qc7 22. Qb3 b6 23. f3 Nf6 24. Bg3 Qd7 25. c4 Qc8 26. a5 bxa5 27. Bf2 Rd7 28. Qa3 Red8 29. Bb3 Qa6 30. g4 Rb8 31. Ba2 Rb6 32. Ra1 Rb8 33. Bb3 Qb6 34. Rdb1 Qb4 35. Bc2 Qd6 36. Qc3 Rxb1+ 37. Rxb1 Qc7 38. Bg3 Qd8 39. Rb8 Nc8 40. Ba4 Kh7 41. Be5 Re7 42. Qa3 Ng8 43. Qc5 f6 44. Bg3 Rf7 45. Bxc6 Nge7 46. Bb7 Rf8 47. d5 exd5 48. cxd5 Re8 49. d6 1-0

[Event "Philadelphia National op 32nd"]
[White "Prasetyo, Aditya"]
[Black "Delaune, Richard K"]
[Site "Philadelphia"]
[Round "1"]
[Result "1/2-1/2"]
[Date "2001.11.23"]
[WhiteElo "2133"]
[BlackElo "2364"]
[PlyCount "98"]
[EventDate "2001.11.23"]
[EventType "swiss"]
[EventRounds "6"]
[EventCountry "USA"]
[SourceTitle "CBM 085 Extra"]
[Source "ChessBase"]
[SourceDate "2002.01.21"]
[SourceVersion "1"]
[SourceVersionDate "2002.01.21"]
[SourceQuality "1"]

1. d4 d5 2. c4 c6 3. Nf3 Nf6 4. Nc3 e6 5. cxd5 exd5 6. Bg5 Be7 7. Qc2 h6 8. Bxf6 Bxf6 9. e3 Be6 10. Bd3 Nd7 11. 0-0 0-0 12. Na4 Rc8 13. Rac1 Re8 14. h3 Be7 15. Nc5 Nxc5 16. dxc5 Rc7 17. Nd4 Bf6 18. b4 a6 19. Qd2 Rce7 20. Rfe1 g6 21. Re2 Bd7 22. Rce1 Qc7 23. Nf3 Bg7 24. Qc2 a5 25. a3 axb4 26. axb4 Ra8 27. Qb3 Ree8 28. Rc1 Be6 29. Nd4 Bd7 30. Nf3 Ra7 31. Ra2 Rea8 32. Rcc2 Rxa2 33. Rxa2 Rxa2 34. Qxa2 b6 35. cxb6 Qxb6 36. Qa5 Qb8 37. Nd4 Bf8 38. b5 cxb5 39. Bxb5 Bxb5 40. Qxb5 Qe5 41. Qd7 Kg7 42. g3 Bc5 43. Nc6 Qe6 44. Qxe6 fxe6 45. Ne5 Bd6 46. Nd3 Kf6 47. Kg2 e5 48. f3 e4 49. Nf2 exf3+ 1/2-1/2

[Event "World op 29th"]
[White "Solon, Nathan"]
[Black "Delaune, Richard K"]
[Site "Philadelphia"]
[Round "6"]
[Result "1-0"]
[Date "2001.07.07"]
[WhiteElo "2317"]
[BlackElo "2364"]
[PlyCount "101"]
[EventDate "2001.06.30"]
[EventType "swiss"]
[EventRounds "9"]
[EventCountry "USA"]
[SourceTitle "EXT 2002"]
[Source "ChessBase"]
[SourceDate "2001.11.25"]
[SourceVersion "1"]
[SourceVersionDate "2001.11.25"]
[SourceQuality "1"]

1. d4 d5 2. c4 c6 3. Nf3 Nf6 4. Nc3 e6 5. Bg5 dxc4 6. e4 b5 7. e5 h6 8. Bh4 g5 9. Nxg5 hxg5 10. Bxg5 Nbd7 11. g3 Qa5 12. exf6 Ba6 13. a3 0-0-0 14. Bg2 Nc5 15. dxc5 Rxd1+ 16. Rxd1 b4 17. axb4 Qxb4 18. 0-0 Qxc5 19. Ne4 Qf5 20. Ra1 Bb7 21. Rxa7 Bc5 22. Rfa1 Bxf2+ 23. Nxf2 Qxg5 24. Ra8+ Bxa8 25. Rxa8+ Kc7 26. Rxh8 Qxf6 27. Rh4 Qxb2 28. Rxc4 Qa1+ 29. Bf1 f5 30. Rf4 Kd6 31. h4 Qb1 32. Kg2 c5 33. Bd3 Qb7+ 34. Kh2 Qg7 35. h5 Qh6 36. Be2 Ke7 37. Kg2 Qg5 38. Rh4 Qh6 39. Rf4 Qg5 40. Nd3 c4 41. Rxc4 Qe3 42. Nf4 Kd6 43. Ra4 e5 44. Ra6+ Kc5 45. Re6 Qe4+ 46. Kh2 Kd4 47. h6 Qb7 48. Nh3 Qb2 49. Ng1 e4 50. h7 Qb8 51. Rh6 1-0

[Event "World op 29th"]
[White "Delaune, Richard K"]
[Black "Traldi, Matthew"]
[Site "Philadelphia"]
[Round "4"]
[Result "1-0"]
[Date "2001.07.06"]
[WhiteElo "2364"]
[BlackElo "2171"]
[PlyCount "85"]
[EventDate "2001.06.30"]
[EventType "swiss"]
[EventRounds "9"]
[EventCountry "USA"]
[SourceTitle "EXT 2002"]
[Source "ChessBase"]
[SourceDate "2001.11.25"]
[SourceVersion "1"]
[SourceVersionDate "2001.11.25"]
[SourceQuality "1"]

1. c4 Nf6 2. Nc3 g6 3. e4 d6 4. d4 Bg7 5. f3 0-0 6. Bg5 c5 7. d5 e6 8. Qd2 Na6 9. Bd3 Nb4 10. Bb1 exd5 11. cxd5 Qe8 12. Nge2 b5 13. Bf4 Qd7 14. 0-0 Bb7 15. Bh6 Ne8 16. g4 a5 17. Kh1 Kh8 18. Ng3 Rg8 19. Bxg7+ Rxg7 20. Rf2 Nc7 21. Nd1 a4 22. a3 Nba6 23. Ne3 Qe7 24. Ba2 c4 25. Re1 Nc5 26. Bb1 Ne8 27. f4 Nf6 28. Qd4 Re8 29. Ngf5 Nb3 30. Qc3 gxf5 31. Nxf5 Qf8 32. Qxf6 Bxd5 33. Rd1 Be6 34. Nxg7 Qxg7 35. Qxg7+ Kxg7 36. f5 Bc8 37. Rxd6 Nc5 38. Re2 Bb7 39. Kg1 Nxe4 40. Rb6 Ba8 41. Bxe4 Bxe4 42. Rxb5 Kf6 43. h4 1-0

[Event "Philadelphia National Congress 30th"]
[White "Delaune, Richard K"]
[Black "Bauer, Richard N"]
[Site "Philadelphia"]
[Round "2"]
[Result "1/2-1/2"]
[Date "1999.11.27"]
[WhiteElo "2401"]
[BlackElo "2304"]
[PlyCount "44"]
[EventDate "1999.11.26"]
[EventType "swiss"]
[EventRounds "6"]
[EventCountry "USA"]
[SourceTitle "CBM 073 Extra"]
[Source "ChessBase"]
[SourceDate "2000.01.11"]
[SourceVersion "1"]
[SourceVersionDate "2000.01.11"]
[SourceQuality "1"]

1. c4 e5 2. Nc3 Nf6 3. Nf3 Nc6 4. g3 Bb4 5. Nd5 e4 6. Nh4 0-0 7. Bg2 Re8 8. Nxb4 Nxb4 9. a3 Nc6 10. d3 d5 11. cxd5 Qxd5 12. dxe4 Qxd1+ 13. Kxd1 Nxe4 14. Be3 h6 15. Ke1 g5 16. Nf3 Bf5 17. Nd2 Rad8 18. Rd1 Nd4 19. Bxd4 Rxd4 20. Nxe4 Rxd1+ 21. Kxd1 Bxe4 22. Bxe4 Rxe4 1/2-1/2

[Event "Philadelphia National Congress 30th"]
[White "Delaune, Richard K"]
[Black "Strenzwilk, Denis"]
[Site "Philadelphia"]
[Round "4"]
[Result "1-0"]
[Date "1999.11.27"]
[WhiteElo "2401"]
[BlackElo "2167"]
[PlyCount "126"]
[EventDate "1999.11.26"]
[EventType "swiss"]
[EventRounds "6"]
[EventCountry "USA"]
[SourceTitle "CBM 073 Extra"]
[Source "ChessBase"]
[SourceDate "2000.01.11"]
[SourceVersion "1"]
[SourceVersionDate "2000.01.11"]
[SourceQuality "1"]

1. Nf3 d6 2. e4 Nf6 3. Nc3 c6 4. a4 Bg4 5. h3 Bh5 6. Be2 Nbd7 7. d4 e6 8. Be3 Be7 9. 0-0 0-0 10. Nd2 Bxe2 11. Qxe2 d5 12. e5 Ne8 13. f4 c5 14. Nf3 Rc8 15. Qf2 Qb6 16. a5 Qxb2 17. Na4 Qb5 18. Rfb1 Qc6 19. dxc5 Nxc5 20. Bxc5 Bxc5 21. Nxc5 Qxc5 22. Qxc5 Rxc5 23. Rxb7 a6 24. Rb6 Nc7 25. Ra2 h6 26. Ne1 Ra8 27. Nd3 Rc4 28. g3 Nb5 29. Kg2 g6 30. Rb2 Ra4 31. Nc5 Rxa5 32. Rxa6 R8xa6 33. Nxa6 Rxa6 34. Rxb5 Rc6 35. Rb2 Rc3 36. h4 h5 37. Kf2 Kf8 38. Rb8+ Kg7 39. Rb2 d4 40. Ke2 Rc7 41. Kf3 Rc3+ 42. Ke4 Rxg3 43. Kxd4 Rg4 44. Ke3 Rxh4 45. c4 Rh3+ 46. Kd4 Rf3 47. Ke4 Rc3 48. Kd4 Rc1 49. c5 g5 50. fxg5 Kg6 51. Rf2 h4 52. Rf6+ Kg7 53. Rh6 Ra1 54. Kc4 Re1 55. c6 Rxe5 56. Rxh4 Ra5 57. c7 Ra4+ 58. Kc5 Rxh4 59. c8Q Rf4 60. Qd8 Rf5+ 61. Kc6 Kg6 62. Qg8+ Kh5 63. Qg7 Rxg5 1-0

[Event "Virginia op"]
[White "Delaune, Richard K"]
[Black "Filatov, Leonid"]
[Site "Fredericksburg"]
[Round "4"]
[Result "1-0"]
[Date "1999.01.23"]
[WhiteElo "2380"]
[BlackElo "2315"]
[PlyCount "82"]
[EventDate "1999.01.??"]
[EventType "swiss"]
[EventRounds "5"]
[EventCountry "USA"]
[SourceTitle "EXT 2000"]
[Source "ChessBase"]
[SourceDate "1999.11.16"]
[SourceVersion "1"]
[SourceVersionDate "1999.11.16"]
[SourceQuality "1"]

1. c4 e6 2. g3 d5 3. Nf3 Nf6 4. Bg2 Be7 5. 0-0 0-0 6. d4 dxc4 7. Qc2 a6 8. a4 Bd7 9. Rd1 Bc6 10. Nc3 Nbd7 11. e4 b5 12. d5 exd5 13. e5 Ne8 14. Nxd5 Bxd5 15. Rxd5 c6 16. Rd1 Qc7 17. axb5 cxb5 18. Bf4 Nc5 19. Ng5 Bxg5 20. Bxa8 Bxf4 21. gxf4 Nd3 22. Be4 Nxf4 23. Bxh7+ Kh8 24. Qf5 g5 25. Qe4 Ng7 26. Rxa6 Qc8 27. Rad6 Qg4+ 28. Kh1 Qh5 29. Rd8 Nge6 30. Rxf8+ Nxf8 31. Rd8 Kg7 32. Bf5 N8e6 33. Bxe6 Nxe6 34. Rd7 Nc5 35. Qd4 Qf3+ 36. Kg1 Nxd7 37. Qxd7 Qe4 38. Qxb5 Qg4+ 39. Kf1 Qd1+ 40. Kg2 Qg4+ 41. Kf1 Qd1+ 1-0

[Event "World op 26th"]
[White "Delaune, Richard K"]
[Black "Ivanov, Alexander"]
[Site "Philadelphia"]
[Round "4"]
[Result "1-0"]
[Date "1998.06.30"]
[WhiteElo "2365"]
[BlackElo "2545"]
[PlyCount "43"]
[EventDate "1998.06.27"]
[EventType "swiss"]
[EventRounds "9"]
[EventCountry "USA"]
[SourceTitle "EXT 1999"]
[Source "ChessBase"]
[SourceDate "1998.11.16"]
[SourceVersion "1"]
[SourceVersionDate "1998.11.16"]
[SourceQuality "1"]

1. c4 g6 2. Nc3 Bg7 3. g3 e5 4. Bg2 Ne7 5. d3 c6 6. e4 d6 7. Nge2 Be6 8. Be3 0-0 9. 0-0 f5 10. f4 Nd7 11. h3 Kh8 12. Qd2 h6 13. Rad1 Qc7 14. b3 Rae8 15. d4 fxe4 16. dxe5 dxe5 17. g4 Nf6 18. fxe5 Qxe5 19. Bd4 Qc7 20. Nf4 Neg8 21. Nxe6 Rxe6 22. g5 1-0

[Event "New York op"]
[White "Sagalchik, Gennadij"]
[Black "Delaune, Richard K"]
[Site "New York"]
[Round "9"]
[Result "0-1"]
[Date "1998.??.??"]
[WhiteElo "2550"]
[BlackElo "2365"]
[PlyCount "120"]
[EventDate "1998.03.16"]
[EventType "swiss"]
[EventRounds "9"]
[EventCountry "USA"]
[SourceTitle "EXT 1999"]
[Source "ChessBase"]
[SourceDate "1998.11.16"]
[SourceVersion "1"]
[SourceVersionDate "1998.11.16"]
[SourceQuality "1"]

1. d4 d5 2. c4 c6 3. Nc3 Nf6 4. e3 g6 5. Nf3 Bg7 6. Be2 0-0 7. 0-0 a6 8. Qb3 dxc4 9. Bxc4 b5 10. Be2 a5 11. Qc2 Na6 12. e4 Qb6 13. h3 Bd7 14. Be3 Qb7 15. Ne5 Be8 16. f4 Rc8 17. Rac1 Nd7 18. a4 Nxe5 19. fxe5 Bd7 20. axb5 cxb5 21. Qd2 Nc7 22. Bg5 b4 23. Nd1 f6 24. exf6 exf6 25. Be3 Qxe4 26. Bf3 Qe7 27. Bb7 Bb5 28. Bxc8 Bxf1 29. Rxc7 Qxc7 30. Be6+ Kh8 31. Kxf1 f5 32. Bf4 Qc6 33. d5 Qc4+ 34. Kf2 h6 35. g3 g5 36. Bd6 Rd8 37. Be7 Re8 38. Ne3 Qe4 39. Nxf5 Rxe7 40. Qe3 Qxe3+ 41. Kxe3 Rb7 42. Nd6 Rb8 43. b3 a4 44. bxa4 b3 45. Nb5 b2 46. Bf5 Ra8 47. d6 Rxa4 48. d7 Bf6 49. Nd6 Rb4 50. Bb1 Kg8 51. Ne4 Bd8 52. Kd3 Kf8 53. Nc5 Ke7 54. Kc3 Rb5 55. Nb3 Kxd7 56. Kxb2 Bc7 57. g4 Kd6 58. Bd3 Rb8 59. Kc2 Ke5 60. Nc5 Ra8 0-1

[Event "Chicago op"]
[White "Delaune, Richard K"]
[Black "Hove, James B"]
[Site "Chicago"]
[Round "7"]
[Result "1-0"]
[Date "1997.??.??"]
[WhiteElo "2370"]
[BlackElo "2255"]
[PlyCount "61"]
[EventDate "1997.05.26"]
[EventType "swiss"]
[EventRounds "7"]
[EventCountry "USA"]
[SourceTitle "EXT 2000"]
[Source "ChessBase"]
[SourceDate "1999.11.16"]
[SourceVersion "1"]
[SourceVersionDate "1999.11.16"]
[SourceQuality "1"]

1. c4 Nf6 2. Nc3 g6 3. e4 d6 4. d4 Bg7 5. f3 0-0 6. Bg5 c5 7. d5 h6 8. Be3 e6 9. Qd2 exd5 10. cxd5 Kh7 11. h4 a6 12. Bd3 Nbd7 13. h5 Ne5 14. hxg6+ fxg6 15. Be2 b5 16. Bxh6 Rh8 17. Bxg7+ Kxg7 18. Rxh8 Qxh8 19. 0-0-0 b4 20. Nb1 Rb8 21. f4 Neg4 22. Bf3 c4 23. Qd4 Qh6 24. Ne2 Ne5 25. Nd2 Nd3+ 26. Kb1 Nxf4 27. Nxc4 Nxe2 28. Bxe2 Qh4 29. Nxd6 Kg8 30. g3 Qg5 31. Qa7 1-0

[Event "Chicago op"]
[White "Delaune, Richard K"]
[Black "Shabalov, Alexander"]
[Site "Chicago"]
[Round "2"]
[Result "0-1"]
[Date "1997.??.??"]
[WhiteElo "2370"]
[BlackElo "2555"]
[PlyCount "88"]
[EventDate "1997.05.26"]
[EventType "swiss"]
[EventRounds "7"]
[EventCountry "USA"]
[SourceTitle "EXT 2000"]
[Source "ChessBase"]
[SourceDate "1999.11.16"]
[SourceVersion "1"]
[SourceVersionDate "1999.11.16"]
[SourceQuality "1"]

1. c4 e6 2. Nf3 b6 3. e4 Bb7 4. Nc3 Bb4 5. Bd3 Ne7 6. 0-0 0-0 7. Bc2 f5 8. Re1 Nbc6 9. b3 d5 10. exd5 exd5 11. cxd5 Nxd5 12. Nxd5 Qxd5 13. a3 Be7 14. b4 Kh8 15. Bb3 Qd8 16. Bb2 Bf6 17. d4 Ne7 18. Ne5 Nd5 19. Qf3 g6 20. Rac1 Qd6 21. b5 a6 22. Nc6 Nf4 23. g3 Nh3+ 24. Kg2 Ng5 25. Qd5 Qxd5+ 26. Bxd5 Rad8 27. Bc4 Bxd4 28. Bxd4+ Rxd4 29. h4 Bxc6+ 30. bxc6 Ne4 31. Bxa6 Ra8 32. Bf1 Rxa3 33. Rcd1 Rxd1 34. Rxd1 Nd6 35. Be2 Kg7 36. f4 Kf6 37. Bf3 Ra2+ 38. Kg1 Rc2 39. Rd3 Ne4 40. Rd7 Rxc6 41. Rxh7 b5 42. g4 b4 43. gxf5 Rc1+ 44. Kg2 gxf5 0-1

[Event "Chicago op"]
[White "Pinto, Mark A"]
[Black "Delaune, Richard K"]
[Site "Chicago"]
[Round "5"]
[Result "1/2-1/2"]
[Date "1997.??.??"]
[WhiteElo "2195"]
[BlackElo "2370"]
[PlyCount "56"]
[EventDate "1997.05.26"]
[EventType "swiss"]
[EventRounds "7"]
[EventCountry "USA"]
[SourceTitle "EXT 2000"]
[Source "ChessBase"]
[SourceDate "1999.11.16"]
[SourceVersion "1"]
[SourceVersionDate "1999.11.16"]
[SourceQuality "1"]

1. e4 c5 2. Nc3 e6 3. f4 d5 4. d3 Nc6 5. Nf3 Nf6 6. e5 Nd7 7. g3 Be7 8. Bh3 a6 9. a4 Qc7 10. 0-0 g6 11. b3 b6 12. Bb2 d4 13. Ne4 Bb7 14. Qe2 0-0-0 15. Nfd2 Kb8 16. Bg2 f5 17. exf6 Bxf6 18. Nxf6 Nxf6 19. Nc4 Rhe8 20. Rae1 Nd5 21. Bc1 Ncb4 22. Rf2 Ka7 23. Qe5 Qd7 24. Qg5 Qg7 25. Ne5 Nc3 26. Bxb7 Kxb7 27. Qg4 Qf6 28. Qf3+ Nbd5 1/2-1/2

[Event "US Open-97"]
[White "Delaune, Richard K"]
[Black "Frenklakh, Jennie"]
[Site "Alexandria"]
[Round "11"]
[Result "0-1"]
[Date "1996.??.??"]
[WhiteElo "2385"]
[BlackElo "2150"]
[PlyCount "140"]
[EventDate "1996.08.04"]
[EventType "swiss"]
[EventRounds "12"]
[EventCountry "USA"]
[SourceTitle "EXT 2000"]
[Source "ChessBase"]
[SourceDate "1999.11.16"]
[SourceVersion "1"]
[SourceVersionDate "1999.11.16"]
[SourceQuality "1"]

1. c4 e5 2. Nc3 Nc6 3. Nf3 f5 4. d4 e4 5. Ng5 Be7 6. Nh3 Nf6 7. Nf4 d6 8. e3 0-0 9. Be2 Qe8 10. h4 a6 11. b3 Nd8 12. d5 Nf7 13. Bb2 Ne5 14. Qd2 Ng6 15. Nxg6 Qxg6 16. 0-0-0 Bd7 17. Kb1 Rfb8 18. h5 Qe8 19. a4 c5 20. f3 Nxh5 21. fxe4 Ng3 22. Rh3 Nxe2 23. Qxe2 fxe4 24. Rg3 Bh4 25. Rg4 Bxg4 26. Qxg4 Bf6 27. Nxe4 Bxb2 28. Kxb2 Qe5+ 29. Ka3 Re8 30. Ng5 b5 31. Rh1 bxa4 32. Qh5 Qf5 33. e4 Qg6 34. Qxg6 hxg6 35. Ne6 Rab8 36. bxa4 Rb4 37. Rc1 Reb8 38. Rc2 Rb3+ 39. Ka2 Re3 40. Ng5 Rb4 41. a5 Ra4+ 42. Kb1 Rxa5 43. Rf2 Rb3+ 44. Rb2 Rxb2+ 45. Kxb2 Ra4 46. Kb3 Rb4+ 47. Kc3 a5 48. e5 a4 49. exd6 a3 50. d7 Rb8 51. Ne6 a2 52. d8Q+ Rxd8 53. Kb2 Ra8 54. Ka1 Kf7 55. Nxc5 Ke7 56. Ne4 Ra4 57. d6+ Kd8 58. Nd2 Kd7 59. c5 Kc6 60. Nb3 Ra7 61. Kb2 a1Q+ 62. Nxa1 Kxc5 63. Nc2 Kxd6 64. Kc3 Ke5 65. Kd3 Kf4 66. Nb4 Kg3 67. Nc6 Ra4 68. Ne7 g5 69. Nf5+ Kxg2 70. Nxg7 g4 0-1

[Event "World op 24th"]
[White "Delaune, Richard K"]
[Black "Weeramantry, Sunil"]
[Site "Philadelphia"]
[Round "?"]
[Result "0-1"]
[Date "1996.??.??"]
[WhiteElo "2385"]
[BlackElo "2295"]
[PlyCount "102"]
[EventDate "1996.06.29"]
[EventType "swiss"]
[EventRounds "9"]
[EventCountry "USA"]
[SourceTitle "EXT 2001"]
[Source "ChessBase"]
[SourceDate "2000.11.22"]
[SourceVersion "1"]
[SourceVersionDate "2000.11.22"]
[SourceQuality "1"]

1. c4 e5 2. Nc3 Nc6 3. Nf3 f5 4. d4 e4 5. Ng5 h6 6. Nh3 g5 7. Ng1 Bb4 8. h4 Qf6 9. e3 Bxc3+ 10. bxc3 Nge7 11. hxg5 hxg5 12. Rxh8+ Qxh8 13. c5 b6 14. g4 Qh1 15. Ne2 Ba6 16. Ng3 Qg1 17. gxf5 0-0-0 18. Qh5 Bxf1 19. Nxf1 Nxf5 20. cxb6 axb6 21. Ba3 Kb7 22. Qh7 Qg4 23. Nh2 Qg1+ 24. Nf1 Nh4 25. Qxe4 d5 26. Qe6 g4 27. 0-0-0 Qxf2 28. Be7 Nxe7 29. Qxe7 Ra8 30. a3 Nf3 31. Nd2 Nxd2 32. Rxd2 Qe1+ 33. Kc2 Qa1 34. Qd7 Qa2+ 35. Kd1 Qb3+ 36. Ke2 Qc4+ 37. Ke1 Rxa3 38. Qxg4 Rxc3 39. Qe2 Rc1+ 40. Kf2 Qc6 41. Qf3 Qd6 42. Qf4 Qg6 43. Qh2 Qe4 44. Qg2 Qh4+ 45. Kf3 Rh1 46. Rf2 Qh5+ 47. Kg3 Rh4 48. Rf4 Qg5+ 49. Kf3 Rxf4+ 50. exf4 Qxg2+ 51. Kxg2 Kc6 0-1

[Event "US Open-97"]
[White "Inocencio, Edgarlino S"]
[Black "Delaune, Richard K"]
[Site "Alexandria"]
[Round "4"]
[Result "1/2-1/2"]
[Date "1996.??.??"]
[WhiteElo "2265"]
[BlackElo "2385"]
[PlyCount "93"]
[EventDate "1996.08.04"]
[EventType "swiss"]
[EventRounds "12"]
[EventCountry "USA"]
[SourceTitle "EXT 2000"]
[Source "ChessBase"]
[SourceDate "1999.11.16"]
[SourceVersion "1"]
[SourceVersionDate "1999.11.16"]
[SourceQuality "1"]

1. d4 d5 2. c4 c6 3. Nc3 Nf6 4. Nf3 e6 5. e3 Nbd7 6. Qc2 Bd6 7. Be2 0-0 8. 0-0 Re8 9. Rd1 Qe7 10. b3 b6 11. e4 Nxe4 12. Nxe4 dxe4 13. Qxe4 Bb7 14. Bd3 f5 15. Qe2 c5 16. Bb2 cxd4 17. Nxd4 Qg5 18. Qf1 Rad8 19. Be2 Be5 20. Nxe6 Rxe6 21. Bxe5 Nxe5 22. f4 Rxd1 23. Rxd1 Qxg2+ 24. Qxg2 Bxg2 25. fxe5 Bc6 26. c5 Rxe5 27. Bc4+ Kf8 28. cxb6 axb6 29. Rd6 Rc5 30. Rd8+ Ke7 31. Rg8 Kf6 32. a4 Bd5 33. Rf8+ Ke7 34. Rxf5 Bxc4 35. Rxc5 bxc5 36. bxc4 Kd6 37. Kf2 Kc6 38. Kf3 Kb6 39. Ke4 g5 40. Kd5 h5 41. a5+ Kxa5 42. Kxc5 g4 43. Kd5 h4 44. Ke4 Kb4 45. Kf4 g3 46. hxg3 hxg3 47. Kxg3 1/2-1/2

[Event "World op 21st"]
[White "Atutubo, Rodrigo"]
[Black "Delaune, Richard K"]
[Site "Philadelphia"]
[Round "8"]
[Result "1-0"]
[Date "1993.??.??"]
[WhiteElo "2205"]
[BlackElo "2370"]
[PlyCount "117"]
[EventDate "1993.??.??"]
[EventType "swiss"]
[EventRounds "9"]
[EventCountry "USA"]
[SourceTitle "EXT 1999"]
[Source "ChessBase"]
[SourceDate "1998.11.16"]
[SourceVersion "1"]
[SourceVersionDate "1998.11.16"]
[SourceQuality "1"]

1. e4 c5 2. c3 Nf6 3. e5 Nd5 4. d4 cxd4 5. Nf3 Nc6 6. Bc4 Nb6 7. Bb3 d5 8. exd6 Qxd6 9. 0-0 Be6 10. Na3 Bxb3 11. Qxb3 e6 12. Nb5 Qd8 13. Nbxd4 Qc8 14. Bg5 Bd6 15. Rad1 0-0 16. Nxe6 Qxe6 17. Qxe6 Bxh2+ 18. Kxh2 fxe6 19. Rfe1 Rae8 20. b3 Rf5 21. c4 h6 22. Bc1 Kf7 23. Nd2 Rd8 24. Ne4 Nd4 25. Rd2 Kg6 26. Ng3 Rf7 27. f3 Rfd7 28. Ne4 Kf7 29. c5 Nc8 30. Red1 Rd5 31. Bb2 Nc6 32. Kg3 g6 33. Bc3 h5 34. b4 a6 35. a4 R8d7 36. f4 Rxd2 37. Rxd2 Rxd2 38. Nxd2 N8e7 39. b5 axb5 40. axb5 Nd8 41. Nc4 Nf5+ 42. Kf2 Ke8 43. Ne5 Nf7 44. Nxg6 N7h6 45. Kf3 Ng4 46. Ke4 Ng3+ 47. Kd3 Nf5 48. Bd4 Kf7 49. Ne5+ Ke8 50. Nc4 Kd7 51. Na5 Kc7 52. b6+ Kc8 53. Kc4 h4 54. Bg1 Nf6 55. Kb5 Ne4 56. Nxb7 Kxb7 57. c6+ Kb8 58. Ka6 Ned6 59. b7 1-0

[Event "Philadelphia Int 4th"]
[White "Delaune, Richard K"]
[Black "Kudrin, Sergey"]
[Site "Philadelphia"]
[Round "2"]
[Result "1/2-1/2"]
[Date "1993.??.??"]
[WhiteElo "2370"]
[BlackElo "2575"]
[PlyCount "64"]
[EventDate "1993.06.25"]
[EventType "swiss"]
[EventRounds "9"]
[EventCountry "USA"]
[SourceTitle "EXT 2004"]
[Source "ChessBase"]
[SourceDate "2003.11.25"]
[SourceVersion "1"]
[SourceVersionDate "2003.11.25"]
[SourceQuality "1"]

1. c4 e5 2. Nc3 Bb4 3. Nd5 Bc5 4. e3 Nf6 5. b4 Nxd5 6. bxc5 Nf6 7. Ba3 Qe7 8. Qa4 c6 9. Ne2 Na6 10. d4 0-0 11. Rd1 Re8 12. Qb3 Qd8 13. f3 exd4 14. exd4 b6 15. cxb6 axb6 16. Kf2 d5 17. Nf4 Nc7 18. c5 b5 19. Be2 Ne6 20. Nxe6 Bxe6 21. Bb4 Qc7 22. g3 Bh3 23. Rhe1 h5 24. Bd3 h4 25. Bd2 Be6 26. Bb1 Nh5 27. Re5 g6 28. Rg1 hxg3+ 29. hxg3 Bd7 30. Qe3 f6 31. Rxe8+ Bxe8 32. g4 Ng7 1/2-1/2

[Event "World op 21st"]
[White "Delaune, Richard K"]
[Black "Shibut, Macon A"]
[Site "Philadelphia"]
[Round "?"]
[Result "1-0"]
[Date "1993.??.??"]
[WhiteElo "2370"]
[BlackElo "2255"]
[PlyCount "75"]
[EventDate "1993.??.??"]
[EventType "swiss"]
[EventRounds "9"]
[EventCountry "USA"]
[SourceTitle "EXT 1999"]
[Source "ChessBase"]
[SourceDate "1998.11.16"]
[SourceVersion "1"]
[SourceVersionDate "1998.11.16"]
[SourceQuality "1"]

1. c4 e5 2. Nc3 Nf6 3. Nf3 d6 4. g3 Be7 5. Bg2 c6 6. d3 Nbd7 7. 0-0 0-0 8. e4 Nb6 9. h3 Re8 10. Re1 Bf8 11. b3 h6 12. Be3 d5 13. exd5 cxd5 14. Bxb6 Qxb6 15. Nxd5 Nxd5 16. cxd5 f6 17. Nd2 Qd4 18. Qh5 Bd7 19. Be4 Bc5 20. Rf1 Rf8 21. g4 Be8 22. Qf5 g6 23. Qe6+ Kg7 24. Rac1 b5 25. Rc4 Qb2 26. b4 Bf7 27. Qc6 Rfc8 28. Qd7 Rd8 29. Qb7 Bd6 30. Nf3 Qxa2 31. Bxg6 Kxg6 32. Nh4+ Kg7 33. Nf5+ Kg6 34. Nxd6 Rxd6 35. Qxa8 Bxd5 36. Qf8 Rd7 37. Qe8+ Rf7 38. Qg8+ 1-0

[Event "Colombia"]
[White "Yermolinsky, Alex"]
[Black "Delaune, Richard K"]
[Site "Colombia"]
[Round "?"]
[Result "1-0"]
[Date "1993.??.??"]
[WhiteElo "2615"]
[BlackElo "2370"]
[PlyCount "67"]
[EventDate "1993.??.??"]
[EventType "game"]
[EventRounds "1"]
[EventCountry "COL"]
[SourceTitle "EXT 2010"]
[Source "ChessBase"]
[SourceDate "2010.11.25"]
[SourceVersion "1"]
[SourceVersionDate "2010.11.25"]
[SourceQuality "1"]

1. Nf3 c5 2. c4 Nf6 3. Nc3 e6 4. g3 b6 5. e4 Bb7 6. d3 Be7 7. Bg2 0-0 8. 0-0 d6 9. b3 Nbd7 10. Bb2 a6 11. Ne1 Qc7 12. Nc2 Rfe8 13. f4 Bc6 14. g4 g6 15. Ne3 h6 16. Rc1 Rac8 17. Rc2 b5 18. Rcf2 b4 19. Ne2 Nh7 20. Ng3 Bh4 21. g5 h5 22. Rf3 Bxg3 23. hxg3 e5 24. g4 h4 25. Qe1 exf4 26. Qxh4 Re5 27. Rxf4 Ndf8 28. Rxf7 Qxf7 29. Rxf7 Kxf7 30. Qf2+ Ke7 31. Bxe5 dxe5 32. Nf5+ gxf5 33. Qxc5+ Kd7 34. Qxe5 1-0